000 00600nam a2200229Ia 4500
003 OSt
005 20220928115104.0
006 a|||||r|||| 00| 0
007 ta
008 220927b |||||||| |||| 00| 0 eng d
024 _a57105
037 _cTextual
040 _aSDCL
_cSDCL
_beng
041 _2eng
_aeng
082 _aV46:73'D6, L6
100 _aParuck Furdoonjee D
_9442995
245 0 _aSasanian coins
260 _aNew Delhi
_bIndological Book
_c1976
300 _ax,536p
_ccm.
942 _hV46:73'D6, L6
_cTEXL
_2CC
999 _c758163
_d758163